[Event "AUTO-OPEN-3691"]
[Site "http://www.queenalice.com/game.php?id=1435816"]
[Date "2016.8.11"]
[Round "1"]
[White "Tartarugus"]
[Black "manuelito"]
[Result "0-1"]
[WhiteElo "1734"]
[BlackElo "1618"]

1. e4 c5 2. Nf3 Nc6 3. Bb5 e6 4. Bxc6 bxc6 5. O-O d5 6. exd5 cxd5 7. d4 Nf6 8.
Bg5 cxd4 9. Nxd4 Qb6 10. Bxf6 gxf6 11. Re1 Bc5 12. c3 Qxb2 13. Nd2 Qxc3 14. Qa4+
Bd7 15. Qa6 Qxd4 16. Nf3 Qxf2+ 17. Kh1 Rg8 18. Rg1 Rb8 0-1

[Event "AUTO-OPEN-3691"]
[Site "http://www.queenalice.com/game.php?id=1435825"]
[Date "2016.8.11"]
[Round "1"]
[White "Dogeval"]
[Black "Tartarugus"]
[Result "1-0"]
[WhiteElo "2519"]
[BlackElo "1783"]

1. d4 e5 2. dxe5 Nc6 3. Nf3 d6 4. Bg5 f6 5. exf6 gxf6 6. Bh4 Bg4 7. Nc3 Bxf3 8.
gxf3 Bh6 9. Bh3 Ne5 10. e3 Bg5 11. Bg3 Nd7 12. f4 Bh6 13. Be6 Nc5 14. Qh5+ Ke7
15. Qf7# 1-0

[Event "AUTO-OPEN-3691"]
[Site "http://www.queenalice.com/game.php?id=1435826"]
[Date "2016.8.11"]
[Round "1"]
[White "Tartarugus"]
[Black "Dogeval"]
[Result "0-1"]
[WhiteElo "1758"]
[BlackElo "2534"]

1. e4 e6 2. Nc3 d5 3. exd5 exd5 4. d4 Nf6 5. Bg5 Be7 6. Bxf6 Bxf6 7. Qe2+ Be6 8.
O-O-O O-O 9. Nf3 c5 10. dxc5 Bxc3 11. bxc3 Nd7 12. c4 dxc4 13. Ne5 Qg5+ 14. Qe3
Qxe3+ 15. fxe3 Nxe5 16. h3 Rac8 17. g4 c3 0-1

[Event "AUTO-OPEN-3882"]
[Site "http://www.queenalice.com/game.php?id=1507997"]
[Date "2017.12.15"]
[Round "1"]
[White "Tartarugus"]
[Black "Fischercat"]
[Result "0-1"]
[WhiteElo "1707"]
[BlackElo "1846"]

1. e4 e5 2. Nf3 Qf6 3. d4 exd4 4. Qxd4 h6 5. Qxf6 Nxf6 6. Bc4 Bc5 7. O-O O-O 8.
Nc3 d6 9. Nd5 Nxd5 10. Bxd5 c6 11. Bb3 Bg4 12. Bf4 Nd7 13. Be3 Bxf3 14. gxf3 Ne5
15. Bxc5 dxc5 16. f4 Nf3+ 17. Kg2 Nd2 18. Rfe1 c4 19. Rad1 cxb3 20. Rxd2 bxa2
21. Ra1 Rad8 22. Rxd8 Rxd8 23. Rxa2 a6 24. e5 Rd4 25. Kg3 g5 26. c3 Rd3+ 27. f3
Re3 28. c4 gxf4+ 29. Kxf4 Re2 30. h4 Rc2 31. Ra1 Rxc4+ 32. Kg3 Rb4 33. Rb1 a5
34. f4 b5 35. Kg4 a4 36. Kf5 Kg7 37. Rd1 Rxb2 38. Rd7 Re2 39. Rc7 a3 40. Rxc6 a2
41. Ra6 b4 42. Rf6 a1=Q 43. h5 Qb1+ 44. Kg4 Qg1+ 0-1

[Event "AUTO-OPEN-3882"]
[Site "http://www.queenalice.com/game.php?id=1507999"]
[Date "2017.12.15"]
[Round "1"]
[White "Tartarugus"]
[Black "Andalgala"]
[Result "0-1"]
[WhiteElo "1697"]
[BlackElo "1873"]

1. e4 d6 2. d4 g6 3. Nf3 Bg7 4. Nc3 Nd7 5. e5 dxe5 6. dxe5 Nxe5 7. Qxd8+ Kxd8 8.
Nxe5 Bxe5 9. Bc4 e6 10. O-O h6 11. Be3 Ne7 12. Rad1+ Bd7 13. Ne4 b6 14. Nf6 Bxf6
15. Rd2 Nd5 16. Bxd5 exd5 17. Rxd5 Ke7 18. f4 Be6 19. Rd3 Rad8 20. Ra3 a5 21.
Re1 Bd4 22. Bxd4 Rxd4 23. Rc3 c5 24. g3 Kf6 25. Kf2 Rhd8 0-1

[Event "AUTO-OPEN-3882"]
[Site "http://www.queenalice.com/game.php?id=1508000"]
[Date "2017.12.15"]
[Round "1"]
[White "Andalgala"]
[Black "Tartarugus"]
[Result "1-0"]
[WhiteElo "1897"]
[BlackElo "1697"]

1. d4 Nf6 2. Nf3 e6 3. Bg5 d5 4. e3 c5 5. c4 Be7 6. Nc3 cxd4 7. Nxd4 O-O 8. Bd3
Bb4 9. O-O Bxc3 10. bxc3 Nc6 11. Rb1 Nxd4 12. cxd4 Qa5 13. Qc2 Ne4 14. Bxe4 dxe4
15. Be7 Re8 16. Bd6 Qg5 17. Rb5 f5 18. Be5 b6 19. Qa4 Bd7 20. h3 a6 21. Qb4 axb5
22. cxb5 Ra5 23. Qd6 Bxb5 24. Rc1 Rxa2 25. Rc7 1-0

[Event "AUTO-OPEN-3882"]
[Site "http://www.queenalice.com/game.php?id=1508001"]
[Date "2017.12.15"]
[Round "1"]
[White "Tartarugus"]
[Black "ulisses67"]
[Result "0-1"]
[WhiteElo "1713"]
[BlackElo "1617"]

1. e4 e5 2. Nf3 Nc6 3. Nc3 Nf6 4. d4 exd4 5. Nxd4 d5 6. exd5 Nxd5 7. Nxc6 bxc6
8. Nxd5 cxd5 9. Bb5+ Bd7 10. Qe2+ Be7 11. Bxd7+ Qxd7 12. O-O O-O 13. Bf4 Bf6 14.
c3 Rfe8 15. Qa6 Re4 16. g3 c5 17. f3 Ra4 18. Qd3 c4 19. Qc2 d4 20. Rad1 d3 21.
Qc1 Rxa2 22. Rfe1 Qb5 23. Qe3 Rxb2 24. Qe4 Qc5+ 25. Be3 Qc8 26. Rd2 Bxc3 27.
Rxb2 Bxe1 28. Qe7 c3 29. Rb3 d2 30. Qd6 c2 31. Bxd2 Bxd2 32. Qd5 c1=Q+ 33. Kg2
Rb8 0-1

[Event "AUTO-OPEN-3882"]
[Site "http://www.queenalice.com/game.php?id=1508002"]
[Date "2017.12.15"]
[Round "1"]
[White "ulisses67"]
[Black "Tartarugus"]
[Result "0-1"]
[WhiteElo "1638"]
[BlackElo "1699"]

1. e4 e5 2. d4 f6 3. dxe5 fxe5 4. Qh5+ g6 5. Qxe5+ Qe7 6. Qxh8 Nf6 7. Bg5 Qxe4+
8. Ne2 Qb4+ 9. Nbc3 Nd5 10. Qxh7 Ne7 11. b3 d5 12. Bd2 Qc5 13. Nf4 Nbc6 14. Nxg6
Bf5 15. Bd3 O-O-O 16. Bxf5+ Nxf5 17. Nxf8 Qxf8 18. Nxd5 Rxd5 19. Bf4 Rd7 20. Qh3
Qb4+ 21. c3 Qxf4 22. O-O Ne5 23. g3 Nf3+ 24. Kg2 Qe4 25. Qh8+ Rd8 26. Qf6 N3h4+
27. Kg1 Qg2# 0-1

[Event "AUTO-INT-3303"]
[Site "http://www.queenalice.com/game.php?id=1508172"]
[Date "2017.12.16"]
[Round "1"]
[White "Jomaley"]
[Black "Tartarugus"]
[Result "0-1"]
[WhiteElo "1475"]
[BlackElo "1680"]

1. e4 e5 2. Nf3 Nc6 3. c3 Nf6 4. Bd3 Bc5 5. O-O O-O 6. b4 Bb6 7. Bb5 d5 8. Bxc6
bxc6 9. Nxe5 Nxe4 10. d3 Qf6 11. d4 a5 12. bxa5 Bxa5 13. Bd2 Ba6 14. f3 Bxf1 15.
Qxf1 Nxd2 16. Nxd2 Bxc3 17. Nb3 Bxa1 18. Qxa1 Qf4 19. Nxc6 Qe3+ 20. Kf1 Rfe8 21.
Ne5 Ra3 22. Qb2 Ra6 23. Qb1 f6 24. Ng4 Qe2+ 25. Kg1 Qe1+ 26. Qxe1 Rxe1+ 27. Kf2
Rb1 28. Nc5 Rxa2+ 29. Kg3 f5 30. Ne5 Rg1 31. Kf4 Rgxg2 32. h4 g6 33. Ne6 Rh2 34.
Kg5 Rag2+ 35. Kf6 Rxh4 36. f4 h5 37. Nxg6 Rxg6+ 38. Kxg6 Rh1 39. Nxc7 h4 40.
Nxd5 Rg1+ 41. Kxf5 h3 42. Nf6+ Kf7 43. Ng4 Rxg4 44. Kxg4 h2 45. d5 h1=Q 46. d6
Qd5 47. d7 Qxd7+ 48. f5 Kf6 49. Kf4 Qd5 50. Kg4 Qe4+ 51. Kh5 Qg2 52. Kh4 Kxf5
53. Kh5 Qg5# 0-1

[Event "AUTO-INT-3303"]
[Site "http://www.queenalice.com/game.php?id=1508173"]
[Date "2017.12.16"]
[Round "1"]
[White "Tartarugus"]
[Black "Jomaley"]
[Result "1-0"]
[WhiteElo "1688"]
[BlackElo "1467"]

1. e4 e5 2. Nf3 Qf6 3. Nc3 c6 4. Bc4 d6 5. O-O Bg4 6. d3 Bxf3 7. Qxf3 Qxf3 8.
gxf3 h5 9. Re1 b5 10. Bb3 a5 11. a4 b4 12. Ne2 g5 13. Ng3 Ne7 14. Nf5 Nxf5 15.
exf5 f6 16. Be6 d5 17. d4 g4 18. dxe5 gxf3 19. exf6 Bc5 20. Kh1 Rf8 21. Bg5 Bxf2
22. f7+ Rxf7 23. Bxf7+ Kxf7 24. Re7+ Kf8 25. f6 Bc5 26. Rh7 f2 27. Rxh5 Kf7 28.
Rh7+ Kg6 29. Rg7+ Kf5 30. Bh4 Na6 31. Rg5+ Kf4 32. Rg2 Rh8 33. Bxf2 Bf8 34. Bb6
Ke5 35. Re1+ Kd6 36. Re8 Nc7 37. Rd8+ Ke6 38. Bxc7 Kf7 39. Rf2 Rh4 40. Bxa5 Rh3
41. Rd7+ Ke6 42. Rc7 Kd6 43. Rc8 Bh6 44. Bxb4+ Kd7 45. Rh8 Ke6 46. f7 Rh4 47.
Bd2 Bxd2 48. Rxh4 Bg5 49. Rh3 Be7 50. Re3+ Kd7 51. Rxe7+ Kxe7 52. f8=Q+ Kd7 53.
Rf6 Kc7 54. a5 d4 55. Qe7+ 1-0

[Event "AUTO-INT-3303"]
[Site "http://www.queenalice.com/game.php?id=1508186"]
[Date "2017.12.16"]
[Round "1"]
[White "altair"]
[Black "Tartarugus"]
[Result "1/2-1/2"]
[WhiteElo "1650"]
[BlackElo "1697"]

1. e4 e5 2. a3 Nf6 3. d3 d5 4. Nc3 dxe4 5. dxe4 Qxd1+ 6. Kxd1 Nc6 7. h3 Bd6 8.
Bd2 O-O 9. g4 Be6 10. Be3 Rad8 11. Bd3 Nd4 12. g5 Nh5 13. Nge2 Nxe2 14. Bxe2
Bxa3+ 15. Kc1 Nf4 16. bxa3 Nxe2+ 17. Nxe2 Rd7 18. Bxa7 b6 19. Nc3 Bc4 20. a4 Ra8
21. Bxb6 cxb6 22. Kb2 Rd2 23. Nb5 Bd3 24. Kc3 Rxc2+ 25. Kxd3 Rac8 26. Rhd1 Rxf2
27. Rac1 Ra8 28. Rc4 Rd8+ 29. Ke3 f5 30. Rxd8+ Kf7 31. Kxf2 Kg6 32. exf5+ Kxf5
33. Rg8 g6 34. h4 h5 35. Re8 e4 36. Rcxe4 1/2-1/2

[Event "AUTO-INT-3303"]
[Site "http://www.queenalice.com/game.php?id=1508187"]
[Date "2017.12.16"]
[Round "1"]
[White "Tartarugus"]
[Black "altair"]
[Result "1-0"]
[WhiteElo "1695"]
[BlackElo "1599"]

1. e4 e5 2. Nf3 d6 3. Nc3 a6 4. d4 Nc6 5. d5 Na7 6. Bc4 Nf6 7. Bg5 h6 8. Bxf6
Qxf6 9. O-O b5 10. Be2 Be7 11. b4 c5 12. a3 O-O 13. bxc5 dxc5 14. d6 Bxd6 15.
Nd5 Qg6 16. Nxe5 Qg5 17. f4 Qh4 18. Nf3 Qg4 19. e5 Bb8 20. Nb6 Qg6 21. Nxa8 Bh3
22. Nh4 Qe4 23. Bf3 Qe3+ 24. Rf2 Be6 25. Qe2 Qxf4 26. g3 Qxe5 27. Qxe5 Bxe5 28.
Re1 Bd4 29. Nc7 Bxf2+ 30. Kxf2 Bd7 31. Nxa6 c4 32. Nc5 Bc8 33. Bd5 Rd8 34. Rd1
Be6 35. Nxe6 fxe6 36. Bxe6+ Kh7 37. Rxd8 h5 38. Kf3 Nc6 39. Bg8+ Kh6 40. Rd6+
1-0

[Event "AUTO-INT-3303"]
[Site "http://www.queenalice.com/game.php?id=1508196"]
[Date "2017.12.16"]
[Round "1"]
[White "Tartarugus"]
[Black "JoseMessias"]
[Result "1-0"]
[WhiteElo "1693"]
[BlackElo "1640"]

1. e4 e5 2. Nf3 d6 3. d4 Nf6 4. dxe5 Nxe4 5. exd6 Qxd6 6. Qxd6 Bxd6 7. Bc4 a6 8.
O-O O-O 9. Nc3 Bf5 10. Nxe4 Bxe4 11. Ng5 Bxc2 12. Bd2 h6 13. Nf3 b5 14. Bb3 Bd3
15. Rfe1 Nc6 16. Bd5 Bc4 17. Bxc6 Rad8 18. b3 Be6 19. Bb7 Be5 20. Rxe5 Bg4 21.
Bb4 f6 22. Bxf8 Rxf8 23. Re7 Rd8 24. Bxa6 c6 25. h3 Bf5 26. Nh4 Bh7 27. Rc1 g5
28. Nf3 Ra8 29. Rxc6 Be4 30. Rc8+ Rxc8 31. Bxc8 Bg6 32. Rb7 Bb1 33. Rxb5 Bxa2
34. b4 Bc4 35. Rc5 Bd3 36. b5 f5 37. b6 Be4 38. Rc7 g4 39. b7 Bxb7 40. Rxb7 gxf3
41. Bxf5 fxg2 42. f4 Kf8 43. Bg6 Kg8 44. f5 Kf8 45. f6 Kg8 46. f7+ Kf8 47. Kxg2
Kg7 48. Rb8 Kxg6 49. f8=Q 1-0

[Event "AUTO-INT-3303"]
[Site "http://www.queenalice.com/game.php?id=1508197"]
[Date "2017.12.16"]
[Round "1"]
[White "JoseMessias"]
[Black "Tartarugus"]
[Result "0-1"]
[WhiteElo "1655"]
[BlackElo "1684"]

1. e4 e5 2. Nf3 d6 3. Bc4 Bg4 4. h3 Bxf3 5. Qxf3 Nf6 6. Qb3 d5 7. exd5 Bd6 8.
Bb5+ c6 9. dxc6 bxc6 10. Bc4 O-O 11. d3 e4 12. Bg5 a5 13. dxe4 h6 14. Bxf6 Qxf6
15. Nd2 Nd7 16. Qb7 Nc5 17. Qxc6 Rab8 18. O-O-O Qxb2# 0-1

[Event "AUTO-OPEN-3923"]
[Site "http://www.queenalice.com/game.php?id=1523857"]
[Date "2018.4.17"]
[Round "1"]
[White "od_xavier"]
[Black "Tartarugus"]
[Result "1-0"]
[WhiteElo "1588"]
[BlackElo "1700"]

1. d3 e5 2. f4 Nc6 3. c3 d6 4. g3 Nf6 5. e4 Be7 6. f5 O-O 7. h4 d5 8. Be2 d4 9.
b4 b5 10. Bd2 a5 11. h5 axb4 12. cxb4 1-0